000 01511nam a2200457 i 4500
001 15691
003 KOSZ 005
005 20200819122156.0
008 200423s1971 pl a f f 000 0 pol
015 _aPB 1971/11557
035 _a(OCoLC)749531341
040 _aWA N
_cWA N
_dKOSZ 005/EC
_dKOSZ 005/RW
_dKOSZ 005/HR
046 _k1971
080 _a628
080 _a532
080 _a533
080 _a(07)
100 1 _aWalden, Henryk
_d(1917-2007)
_eAutor
245 1 0 _aMechanika cieczy i gazów w inżynierii sanitarnej /
_cHenryk Walden, Jerzy Stasiak.
260 _aWarszawa "
_b"Arkady",
_c1971.
300 _a553, [2] strony :
_bilustracje ;
_c24 cm.
336 _aTekst
_btxt
_2rdacontent
337 _aBez urządzenia pośredniczącego
_bn
_2rdamedia
338 _aWolumin
_bnc
_2rdacarrier
380 _aKsiążki
380 _aPublikacje dydaktyczne
388 _a1901-2000
388 _a1945-1989
504 _aBibliografia na stronach 553-[554].
521 8 _aPodręcznik dla studentów wydziałów inżynierii sanitarnej.
650 7 _aTechnika sanitarna
650 7 _aCiecze
650 7 _aMechanika płynów
650 7 _aAeromechanika
655 7 _aPodręcznik
658 _aInżynieria i technika
700 1 _aStasiak, Jerzy
_eAutor
710 2 _aWydawnictwo Arkady
_4pbl.
856 _uhttp://koha.tu.koszalin.pl/cgi-bin/koha/opac-detail.pl?biblionumber=15691
_yKatalog online BPK
942 _2UKD
_cKS
999 _c15691
_d15691